000 00916nam a22002177a 4500
003 OSt
005 20260528113910.0
008 260528b xxu||||| |||| 00| 0 eng d
040 _cBMC
082 _a624
100 1 _aRodríguez de Orellana, Evelyn Yanira
_950416
245 1 0 _aPasantía realizada en DCT Ingenieros
_b: Informe final de pasantía
_cEvelyn Yanira Rodríguez de Orellana
260 _aSanta Ana (El Salvador)
_bUniversidad Católica de El Salvador
_c2026
300 _a127 h.
_c28 cm
_e+ 1 disco compacto
500 _aPrecede al tít.: Universidad Católica de El Salvador, Facultad de Ingeniería y Arquitectura
502 _aPara optar al título de Ingeniera Civil
505 _aPeríodo de realización: agosto de 2025 a enero de 2026
650 2 4 _98218
_aIngeniería civil
710 2 _91166
_aUniversidad Católica de El Salvador
_bFacultad de Ingeniería y Arquitectura
942 _2ddc
_cTG
999 _c36678
_d36678